| 000 | 00316pam a2200121 a 4500 | ||
|---|---|---|---|
| 020 |
_a81-7881-358-0 _c |
||
| 041 | _h | ||
| 082 |
_a658.562 _bGOP |
||
| 100 | _aGOPAL, V V | ||
| 245 |
_aTOTAL QUALITY MANAGEMENT ; AN INTROUCTION _hTextual Documents |
||
| 260 |
_aHYDRABAD _bICFAI UNIVERSITY PRESS _c2004 |
||
| 930 | _a17532 | ||
| 999 |
_c136704 _d136704 |
||